Normal view
MARC view
Entry Título uniforme
001 - NÚMERO DE CONTROL
- campo de control: 171102
003 - IDENTIFICADOR DE NÚMERO DE CONTROL
- campo de control: OSt
005 - FECHA Y HORA DE LA ÚLTIMA TRANSACCIÓN
- campo de control: 20230222193255.0
008 - ELEMENTOS DE DATO DE LONGITUD-FIJA
- campo de control de longitud fija: 210325 n adnaaaaan a ana d
040 ## - FUENTE DE CATALOGACIÓN
- Centro catalogador/agencia de origen: OSt
- Centro/agencia transcriptor: OSt
130 #0 - ENCABEZAMIENTO--TÍTULO UNIFORME
- Título uniforme: Dança general
430 #0 - TRAZADO DE VÉASE--TÍTULO UNIFORME
- Título uniforme: Danza general
670 ## - FUENTE DE DATOS ENCONTRADOS
- Cita de la fuente: Dança general, s. XV (redactado ca. 1430-40); diferente de: Danza de la muerte
